INDUSTRIAL ELECRONICS AND CONTROL (Record no. 583951)

000 -LEADER
fixed length control field 00313nam a22001217a 4500
082 ## - DEWEY DECIMAL CLASSIFICATION NUMBER
Classification number 621.381 KLO'I
100 ## - MAIN ENTRY--PERSONAL NAME
Personal name KLOEFFLO, R. G
9 (RLIN) 78887
245 ## - TITLE STATEMENT
Title INDUSTRIAL ELECRONICS AND CONTROL
260 ## - PUBLICATION, DISTRIBUTION, ETC.
Place of publication, distribution, etc. LONDON
Name of publisher, distributor, etc. JOHN WILEY
Date of publication, distribution, etc. 1960
300 ## - PHYSICAL DESCRIPTION
Extent 540P
650 ## - SUBJECT ADDED ENTRY--TOPICAL TERM
Topical term or geographic name entry element INDUSTRIAL ELECRONICS AND CONTROL
9 (RLIN) 78888
942 ## - ADDED ENTRY ELEMENTS (KOHA)
Koha item type Book
Holdings
Withdrawn status Lost status Damaged status Not for loan Permanent Location Current Location Shelving location Date acquired Total Checkouts Full call number Barcode Date last seen Price effective from Koha item type
        College of Electrical & Mechanical Engineering (CEME) College of Electrical & Mechanical Engineering (CEME) General Stacks 06/21/2017   621.381 KLO'I CEME-7465 06/28/2021 06/28/2021 Book
© 2023 Central Library, National University of Sciences and Technology. All Rights Reserved.